Представление документа в формате MARC21

Поле Инд. ПП Название Значение
Тип записи a
Библиографический уровень m
001 _ Контрольный номер RU\infra-m\znanium\bibl\1792841
005 _ Дата корректировки 20250915104052.9
008 Кодируемые данные 210629s2021 RU g rus u
020 a ISBN 978-5-16-016094-8
020 a ISBN 978-5-16-100403-6
040 a Служба первич. каталог. Общество с ограниченной ответственностью «ЗНАНИУМ»
041 a Код языка текста rus
044 a Код страны публикации RU
080 a Индекс УДК 620.22(075.32)
084 2 Источник индекса rubbk
a Индекс другой классификации/Индекс ББК 30.3я723
084 2 Источник индекса okso
a Индекс другой классификации/Индекс ББК 08.01.10
084 2 Источник индекса okso
a Индекс другой классификации/Индекс ББК 08.02.01
084 2 Источник индекса okso
a Индекс другой классификации/Индекс ББК 08.02.08
100 1_ a Автор Сеферов Григорий Григорьевич
q Полное имя Григорий Григорьевич
245 a Заглавие Материаловедение
b Продолж. заглавия Учебник
c Ответственность Ростовский государственный экономический университет (РИНХ); Ростовский государственный экономический университет (РИНХ)
250 a Основные сведения об издании 1
260 a Место издания Москва
b Издательство ООО "Научно-издательский центр ИНФРА-М"
c Дата издания 2022
300 a Объем 151 с.
520 a Аннотация Изложены основы материаловедения, приведены сведения о материалах и изделиях, применяемых для систем газоснабжения, освещены современные методы защиты газопроводов от коррозии.
521 a Примеч. о целев. назн. Среднее профессиональное образование
650 a Основная рубрика Общетехнические дисциплины
x Основная подрубрика Материаловедение
700 1_ a Другие авторы Батиенков Виктор Тимофеевич
q Полное имя Виктор Тимофеевич
852 x Примечание, не предназначенное для пользователя znanium2022
856 4_ a Имя сервера/домена znanium.com
m Помощь ebs_support@infra-m.ru
n Местонахождение сервера НИЦ ИНФРА-М
u URL http://znanium.com/catalog/document?id=379815
z Примечание для пользователя Участвует в КО
856 41 a Имя сервера/домена znanium.com
d Путь /cover/1792
f Электронное имя 1792841.jpg
q Тип электронного формата image/jpeg
u URL https://znanium.com/cover/1792/1792841.jpg